Možné príčiny súčasných klimatických zmien

Problematika súčasných klimatických zmien. Klíma a klimatický systém. Možné príčiny klimatických zmien: prírodné zmeny, antropogénne zmeny.

Salvato in:
Dettagli Bibliografici
Autore principale: Cabajová, Jozefína
Altri autori: Čorba, Juraj, ml, Masárová, Veronika, Mačala, Jozef
Natura: Capitolo di libro
Lingua:slovacco
Soggetti:
Tags: Aggiungi Tag
Nessun Tag, puoi essere il primo ad aggiungerne!!

MARC

LEADER 00000naa$a2200000$$$4500
001 0181309
005 20240502073118.0
041 0 |a slo 
044 |a SK 
245 1 0 |a Možné príčiny súčasných klimatických zmien  |c Jozefína Cabajová, Juraj Čorba, Veronika Masárová, Jozef Mačala 
500 |a Poster 
520 |a Problematika súčasných klimatických zmien. Klíma a klimatický systém. Možné príčiny klimatických zmien: prírodné zmeny, antropogénne zmeny. 
610 2 0 |a meteorológia 
610 2 0 |a zmeny klimatické 
610 2 0 |a príroda 
100 1 |a Cabajová, Jozefína 
700 1 |a Čorba, Juraj, ml. 
700 1 |a Masárová, Veronika 
700 1 |a Mačala, Jozef